| 000 | 00451nam a22001697a 4500 | ||
|---|---|---|---|
| 003 | NUST | ||
| 005 | 20260416162644.0 | ||
| 008 | 260416b ||||| |||| 00| 0 eng d | ||
| 020 | _a81-7446-026-8 | ||
| 082 |
_a659.2023 _bJEF |
||
| 100 |
_aFrank Jefkins. _9134185 |
||
| 245 |
_aPublic Relations for Your Business / _cFrank Jefkins. |
||
| 260 |
_aIndia: _bExcel book, _c1995. |
||
| 300 |
_a189 p ; _c25.45 cm |
||
| 563 | _aPaperback | ||
| 942 |
_2ddc _cBK |
||
| 999 |
_c617141 _d617141 |
||